<?xml version="1.0" encoding="UTF-8"?><?xml-stylesheet type="text/xsl" href="static/style.xsl"?><OAI-PMH xmlns="http://www.openarchives.org/OAI/2.0/" xmlns:xsi="http://www.w3.org/2001/XMLSchema-instance" xsi:schemaLocation="http://www.openarchives.org/OAI/2.0/ http://www.openarchives.org/OAI/2.0/OAI-PMH.xsd"><responseDate>2026-04-18T07:08:55Z</responseDate><request verb="GetRecord" identifier="oai:www.recercat.cat:20.500.12327/2295" metadataPrefix="marc">https://recercat.cat/oai/request</request><GetRecord><record><header><identifier>oai:recercat.cat:20.500.12327/2295</identifier><datestamp>2025-10-22T11:18:20Z</datestamp><setSpec>com_2072_4428</setSpec><setSpec>com_2072_4427</setSpec><setSpec>col_2072_487898</setSpec></header><metadata><record xmlns="http://www.loc.gov/MARC21/slim" xmlns:dcterms="http://purl.org/dc/terms/" xmlns:xsi="http://www.w3.org/2001/XMLSchema-instance" xmlns:doc="http://www.lyncode.com/xoai" xsi:schemaLocation="http://www.loc.gov/MARC21/slim http://www.loc.gov/standards/marcxml/schema/MARC21slim.xsd">
   <leader>00925njm 22002777a 4500</leader>
   <datafield ind2=" " ind1=" " tag="042">
      <subfield code="a">dc</subfield>
   </datafield>
   <datafield ind2=" " ind1=" " tag="720">
      <subfield code="a">Marco-Herrero, Elena</subfield>
      <subfield code="e">author</subfield>
   </datafield>
   <datafield ind2=" " ind1=" " tag="720">
      <subfield code="a">Guerao, Guillermo</subfield>
      <subfield code="e">author</subfield>
   </datafield>
   <datafield ind2=" " ind1=" " tag="720">
      <subfield code="a">Cuesta, José A.</subfield>
      <subfield code="e">author</subfield>
   </datafield>
   <datafield ind2=" " ind1=" " tag="260">
      <subfield code="c">2013-04-15</subfield>
   </datafield>
   <datafield ind2=" " ind1=" " tag="520">
      <subfield code="a">In this study the complete larval development (including four zoeal stages and a megalopa stage) of&#xd;
Dyspanopeus sayi is described and illustrated in detail based on larvae reared in the laboratory. Ovigerous females were collected in Alfacs Bay, Ebro Delta (NW Mediterranean) where the species was recently introduced. These larval stages were compared with others collected in the plankton from the same area, the larval stages described previously for this species and the larval stages of the two other Panopeidae that inhabit the Iberian Peninsula: Panopeus africanus and Rhithropanopeus harrisii. Differences were found in both zoeal and megalopal larval characters between D. sayi and the other two species, which could raise doubt about their placement in the same family.</subfield>
   </datafield>
   <datafield ind1="8" ind2=" " tag="024">
      <subfield code="a">Marco-Herrero, Elena, Guillermo Guerao and José A. Cuesta. 2013. “Morphology of the larval stages of a Mediterranean population of the allochthonous Say’s mud crab, Dyspanopeus sayi (Decapoda: Brachyura: Panopeidae)”. Scientia Marina 77 (2): 341-352. doi: 10.3989/scimar.03815.15A.</subfield>
   </datafield>
   <datafield ind1="8" ind2=" " tag="024">
      <subfield code="a">0214-8358</subfield>
   </datafield>
   <datafield ind1="8" ind2=" " tag="024">
      <subfield code="a">http://hdl.handle.net/20.500.12327/2295</subfield>
   </datafield>
   <datafield ind1="8" ind2=" " tag="024">
      <subfield code="a">https://doi.org/10.3989/scimar.03815.15A</subfield>
   </datafield>
   <datafield ind2="0" ind1="0" tag="245">
      <subfield code="a">Morphology of the larval stages of a Mediterranean population of the allochthonous Say’s mud crab, Dyspanopeus sayi (Decapoda: Brachyura: Panopeidae)</subfield>
   </datafield>
</record></metadata></record></GetRecord></OAI-PMH>